Mr.Children のYoutube 5000万回再生の楽曲 ーサドンデス― - Statistics

General Stats
  • This quiz has been taken 26 times
  • The average score is 2 of 6
Answers on the Grid
Answers color-coded by a green-red scale on the quiz's grid according to % correct below.
Everything
GIFT
HANABI
HERO
himawari
innocent world
Sign
Starting Over
Tomorrow never knows
youthful days
くるみ
しるし
シーソーゲーム ~勇敢な恋の歌~
名もなき詩
君が好き
常套句
彩り
抱きしめたい
終わりなき旅
足音 ~Be Strong
365日
 
Answer Stats
Answer % Correct
HANABI
87%
Tomorrow never knows
73%
しるし
27%
Sign
27%
365日
13%
抱きしめたい
7%
No matching quizzes found
Score Distribution
Percent of People with Each Score
Percentile by Number Answered
Your Score History
You have not taken this quiz